[Event "Minsk Kupreichik Memorial op"]
[Site "Minsk"]
[Date "2018.06.23"]
[Round "9"]
[White "Tsigelnitskiy, Ilusha"]
[Black "Meskovs, Nikita"]
[Result "0-1"]
[WhiteElo "2342"]
[BlackElo "2515"]
[PlyCount "52"]
[EventDate "2018.06.21"]
[EventType "swiss (rapid)"]
[EventRounds "11"]
[EventCountry "BLR"]
[SourceTitle "CBM 185 Extra"]
[Source "ChessBase"]
[SourceDate "2018.07.29"]
[SourceVersion "1"]
[SourceVersionDate "2018.07.29"]
[SourceQuality "1"]

1. e4 e5 2. Nf3 Nc6 3. Nc3 Nge7 4. d4 exd4 5. Nxd4 Nxd4 6. Qxd4 Nc6 7. Qd1 Bc5 8. Bc4 0-0 9. 0-0 Ne5 10. Be2 a6 11. a3 d6 12. b4 Ba7 13. Bb2 Be6 14. Nd5 b5 15. Bd4 c6 16. Bxa7 Rxa7 17. Ne3 Rd7 18. Qd4 Qf6 19. Rad1 Qf4 20. Kh1 c5 21. Nd5 cxd4 22. Nxf4 Rc8 23. Rxd4 Rxc2 24. Rfd1 Bb3 25. h3 g5 26. Bd3 Rb2 0-1

[Event "Vladivostok City at Sea-A"]
[Site "Vladivostok"]
[Date "2009.08.02"]
[Round "9"]
[White "Petrov, Ivan2222"]
[Black "Tsigelnitskiy, Ilusha"]
[Result "1-0"]
[WhiteElo "2204"]
[BlackElo "2350"]
[PlyCount "105"]
[EventDate "2009.07.25"]
[EventType "tourn"]
[EventRounds "9"]
[EventCountry "RUS"]
[EventCategory "3"]
[SourceTitle "EXT 2022"]
[Source "ChessBase"]
[SourceDate "2021.10.06"]
[SourceVersion "1"]
[SourceVersionDate "2021.10.06"]
[SourceQuality "1"]

1. e4 c5 2. Nf3 e6 3. d4 cxd4 4. Nxd4 a6 5. Bd3 Nf6 6. 0-0 Qc7 7. Qe2 d6 8. c4 g6 9. Nc3 Bg7 10. Rd1 0-0 11. Nf3 Nc6 12. h3 b6 13. Be3 Bb7 14. Rac1 Ne5 15. Nxe5 dxe5 16. f3 Nd7 17. b4 Rac8 18. Qf2 f5 19. exf5 exf5 20. Nd5 Bxd5 21. cxd5 Qb7 22. Qe2 b5 23. Bc2 e4 24. fxe4 f4 25. Bf2 Ne5 26. Bb3 f3 27. Qe3 fxg2 28. Qa7 Qxa7 29. Bxa7 Rxc1 30. Rxc1 Nd3 31. d6+ Kh8 32. Rd1 Rf1+ 33. Rxf1 gxf1Q+ 34. Kxf1 Nxb4 35. d7 Nc6 36. Bb6 Bf6 37. Bd5 Nd8 38. Bc5 Kg7 39. Bd6 Nf7 40. e5 Bd8 41. Bb8 Nh6 42. Ke2 Nf5 43. Kd3 Kf8 44. Bb7 a5 45. Bc6 b4 46. Kc4 Ke7 47. Ba4 h5 48. Kd5 g5 49. Ba7 Bc7 50. Bc5+ Kd8 51. e6 g4 52. hxg4 hxg4 53. Kc6 1-0

[Event "Vladivostok City at Sea-A"]
[Site "Vladivostok"]
[Date "2009.08.01"]
[Round "8"]
[White "Tsigelnitskiy, Ilusha"]
[Black "Meshalkin, Yury P"]
[Result "1-0"]
[WhiteElo "2350"]
[BlackElo "2361"]
[PlyCount "73"]
[EventDate "2009.07.25"]
[EventType "tourn"]
[EventRounds "9"]
[EventCountry "RUS"]
[EventCategory "3"]
[SourceTitle "EXT 2022"]
[Source "ChessBase"]
[SourceDate "2021.10.06"]
[SourceVersion "1"]
[SourceVersionDate "2021.10.06"]
[SourceQuality "1"]

1. e4 c5 2. Nf3 Nc6 3. d4 cxd4 4. Nxd4 d6 5. c4 Bd7 6. Nc3 g6 7. Be3 Bg7 8. Be2 Nf6 9. 0-0 0-0 10. Rc1 Qb8 11. f3 Rc8 12. Nd5 Nxd5 13. exd5 Nxd4 14. Bxd4 Rc7 15. Re1 b6 16. Bxg7 Kxg7 17. Bf1 Qf8 18. f4 h5 19. Rc3 Re8 20. Rce3 Bg4 21. Qd2 Kg8 22. Bd3 Qg7 23. h3 Bc8 24. Kh2 Qf6 25. f5 gxf5 26. Rg3+ Kf8 27. Rg5 e5 28. dxe6 fxe6 29. Rxh5 Rg7 30. Bxf5 Ke7 31. Bg4 Rf8 32. Rh6 Rg6 33. Rxg6 Qxg6 34. Rd1 e5 35. Bxc8 Rxc8 36. Qd5 Rd8 37. Rf1 1-0

[Event "Vladivostok City at Sea-A"]
[Site "Vladivostok"]
[Date "2009.07.29"]
[Round "5"]
[White "Tsigelnitskiy, Ilusha"]
[Black "Kravtsov, Sergey"]
[Result "1/2-1/2"]
[WhiteElo "2350"]
[BlackElo "2370"]
[PlyCount "22"]
[EventDate "2009.07.25"]
[EventType "tourn"]
[EventRounds "9"]
[EventCountry "RUS"]
[EventCategory "3"]
[SourceTitle "EXT 2022"]
[Source "ChessBase"]
[SourceDate "2021.10.06"]
[SourceVersion "1"]
[SourceVersionDate "2021.10.06"]
[SourceQuality "1"]

1. e4 e5 2. Nf3 Nc6 3. Nc3 Nf6 4. g3 g6 5. Bg2 Bg7 6. 0-0 0-0 7. d3 d6 8. Be3 Be6 9. h3 h6 10. Qd2 Qd7 11. Kh2 Kh7 1/2-1/2

[Event "Vladivostok-ch op"]
[Site "Vladivostok"]
[Date "2008.11.28"]
[Round "4"]
[White "Habarov, Sergey"]
[Black "Tsigelnitskiy, Ilusha"]
[Result "1/2-1/2"]
[WhiteElo "2116"]
[BlackElo "2371"]
[PlyCount "54"]
[EventDate "2008.11.25"]
[EventType "swiss"]
[EventRounds "9"]
[EventCountry "RUS"]
[SourceTitle "EXT 2022"]
[Source "ChessBase"]
[SourceDate "2021.10.06"]
[SourceVersion "1"]
[SourceVersionDate "2021.10.06"]
[SourceQuality "1"]

1. c4 c5 2. Nf3 g6 3. Nc3 Bg7 4. g3 Nc6 5. Bg2 e6 6. e4 Nge7 7. 0-0 0-0 8. d3 d5 9. Bd2 b6 10. Ne1 Bb7 11. exd5 exd5 12. Nxd5 Nxd5 13. Bxd5 Bxb2 14. Bh6 Re8 15. Rb1 Bh8 16. Nc2 Qd7 17. Bf4 Nd4 18. Ne3 Bxd5 19. Nxd5 Ne2+ 20. Kg2 Nc3 21. Nxc3 Bxc3 22. Qf3 Rad8 23. Rbc1 Bg7 24. Rfe1 h5 25. Rxe8+ Rxe8 26. Rc2 Rd8 27. Rd2 Bc3 1/2-1/2

[Event "Vladivostok op"]
[Site "Vladivostok"]
[Date "2008.06.05"]
[Round "6"]
[White "Gritsenko, Andrey"]
[Black "Tsigelnitskiy, Ilusha"]
[Result "1-0"]
[WhiteElo "2307"]
[BlackElo "2369"]
[PlyCount "39"]
[EventDate "2008.05.31"]
[EventType "swiss"]
[EventRounds "9"]
[EventCountry "RUS"]
[SourceTitle "EXT 2009"]
[Source "ChessBase"]
[SourceDate "2008.11.26"]
[SourceVersion "1"]
[SourceVersionDate "2008.11.26"]
[SourceQuality "1"]

1. e4 c5 2. Nf3 e6 3. d4 cxd4 4. Nxd4 a6 5. Bd3 Qb6 6. Be3 Nc6 7. c3 Qc7 8. 0-0 Nf6 9. f4 Be7 10. Nd2 d6 11. Qf3 0-0 12. g4 g6 13. Nxc6 bxc6 14. f5 exf5 15. gxf5 Nd7 16. Qg3 Bb7 17. Nc4 Rad8 18. Bd4 Rfe8 19. fxg6 fxg6 20. Nxd6 1-0

[Event "Vladivostok-ch"]
[Site "Vladivostok"]
[Date "2008.03.27"]
[Round "6"]
[White "Tsigelnitskiy, Ilusha"]
[Black "Kravtsov, Sergey"]
[Result "1/2-1/2"]
[WhiteElo "2369"]
[BlackElo "2396"]
[PlyCount "42"]
[EventDate "2008.03.22"]
[EventType "tourn"]
[EventRounds "7"]
[EventCountry "RUS"]
[EventCategory "4"]
[SourceTitle "EXT 2022"]
[Source "ChessBase"]
[SourceDate "2021.10.06"]
[SourceVersion "1"]
[SourceVersionDate "2021.10.06"]
[SourceQuality "1"]

1. e4 e5 2. Nf3 Nc6 3. Nc3 Nf6 4. g3 d5 5. exd5 Nxd5 6. Bg2 Nxc3 7. bxc3 Be7 8. 0-0 0-0 9. Re1 Bf6 10. Rb1 Rb8 11. d3 Bf5 12. Nd2 Qd7 13. Ba3 Rfe8 14. Ne4 Be7 15. Nc5 Bxc5 16. Bxc5 b6 17. Be3 Be6 18. a4 Bd5 19. Bxd5 Qxd5 20. c4 Qd7 21. c5 Rbd8 1/2-1/2

[Event "DV FR-chT"]
[Site "Vladivostok"]
[Date "2007.10.03"]
[Round "5"]
[White "Diu, Viacheslav"]
[Black "Tsigelnitskiy, Ilusha"]
[Result "1-0"]
[WhiteElo "2442"]
[BlackElo "2372"]
[PlyCount "69"]
[EventDate "2007.09.29"]
[EventType "team-tourn"]
[EventRounds "7"]
[EventCountry "RUS"]
[SourceTitle "EXT 2022"]
[Source "ChessBase"]
[SourceDate "2021.10.06"]
[SourceVersion "1"]
[SourceVersionDate "2021.10.06"]
[SourceQuality "1"]

1. d4 Nf6 2. Nf3 c5 3. d5 g6 4. Nc3 Bg7 5. e4 0-0 6. a4 d6 7. Be2 e6 8. 0-0 exd5 9. exd5 Na6 10. Nd2 Nb4 11. Nc4 Bf5 12. Ne3 Bc8 13. Nc4 Bf5 14. Ne3 Bc8 15. Nb5 Ne8 16. c3 Na6 17. Nc4 Nac7 18. Bf4 Nxb5 19. axb5 b6 20. Qd3 Bb7 21. Rfd1 Bf6 22. Ra3 a6 23. bxa6 Bxa6 24. Rda1 Bb7 25. Rxa8 Bxa8 26. Ra7 Qb8 27. Rd7 Be5 28. Nxe5 dxe5 29. Bh6 Nf6 30. Re7 Rd8 31. Qf3 Qd6 32. Re6 Qxd5 33. Rxf6 Qa2 34. Qg4 Qb1+ 35. Bf1 1-0

[Event "DV FR-chT"]
[Site "Vladivostok"]
[Date "2007.10.02"]
[Round "4"]
[White "Gritsenko, Andrey"]
[Black "Tsigelnitskiy, Ilusha"]
[Result "0-1"]
[WhiteElo "2314"]
[BlackElo "2372"]
[PlyCount "94"]
[EventDate "2007.09.29"]
[EventType "team-tourn"]
[EventRounds "7"]
[EventCountry "RUS"]
[SourceTitle "EXT 2022"]
[Source "ChessBase"]
[SourceDate "2021.10.06"]
[SourceVersion "1"]
[SourceVersionDate "2021.10.06"]
[SourceQuality "1"]

1. e4 c5 2. Nf3 e6 3. d4 cxd4 4. Nxd4 a6 5. Nc3 b5 6. Bd3 Bb7 7. 0-0 d6 8. f4 Nd7 9. Qe2 Ngf6 10. Kh1 Qc7 11. Bd2 Be7 12. Rae1 0-0 13. e5 Ne8 14. f5 exf5 15. e6 Ne5 16. exf7+ Rxf7 17. Bxf5 Kh8 18. Ne4 g6 19. Be6 Rxf1+ 20. Rxf1 Ng7 21. Bh6 Rf8 22. Rxf8+ Bxf8 23. Ng5 Qe7 24. Bb3 Nh5 25. Nf7+ Nxf7 26. Qxe7 Bxe7 27. Bxf7 Bf6 28. Be3 Be5 29. c3 Nf4 30. Nf3 Nd3 31. Nxe5 dxe5 32. b3 Ne1 33. c4 Kg7 34. Bd5 Bxd5 35. cxd5 Kf6 36. Kg1 Nd3 37. a4 e4 38. axb5 axb5 39. g4 Ke5 40. Kg2 Kxd5 41. Kg3 Nc5 42. Kf4 Nxb3 43. Kg5 Nd4 44. Kh6 b4 45. Kxh7 b3 46. Bc1 e3 47. Bxe3 b2 0-1

[Event "Vladivostok-ch op"]
[Site "Vladivostok"]
[Date "2007.10.??"]
[Round "5"]
[White "Anop, Alexey"]
[Black "Tsigelnitskiy, Ilusha"]
[Result "1-0"]
[WhiteElo "2233"]
[BlackElo "2372"]
[PlyCount "73"]
[EventDate "2007.10.20"]
[EventType "swiss"]
[EventRounds "9"]
[EventCountry "RUS"]
[SourceTitle "EXT 2022"]
[Source "ChessBase"]
[SourceDate "2021.10.06"]
[SourceVersion "1"]
[SourceVersionDate "2021.10.06"]
[SourceQuality "1"]

1. e4 c5 2. c3 g6 3. d4 cxd4 4. cxd4 d5 5. e5 Nc6 6. Nf3 Bg7 7. Nc3 Bg4 8. Bb5 Nh6 9. h3 Bxf3 10. Qxf3 Nf5 11. Bxc6+ bxc6 12. Qd3 h5 13. 0-0 e6 14. b3 0-0 15. Ba3 Re8 16. Rac1 f6 17. f4 fxe5 18. dxe5 g5 19. fxg5 Qxg5 20. Ne2 Bxe5 21. Rxc6 Nh4 22. Rf2 Kh8 23. Bc1 Qg7 24. Bf4 Bf6 25. Kh2 Nf5 26. Rxe6 Rxe6 27. Qxf5 Rae8 28. Qxd5 Bh4 29. Nd4 Bxf2 30. Nxe6 Qf7 31. Qe5+ Kg8 32. Qg5+ Kh7 33. Qh6+ Kg8 34. Be5 Qh7 35. Qg5+ Kf7 36. Qf6+ Kg8 37. Ng5 1-0

[Event "Vladivostok-ch op"]
[Site "Vladivostok"]
[Date "2007.10.??"]
[Round "9"]
[White "Sek, Konstantin"]
[Black "Tsigelnitskiy, Ilusha"]
[Result "1/2-1/2"]
[WhiteElo "2319"]
[BlackElo "2372"]
[PlyCount "63"]
[EventDate "2007.10.20"]
[EventType "swiss"]
[EventRounds "9"]
[EventCountry "RUS"]
[SourceTitle "EXT 2022"]
[Source "ChessBase"]
[SourceDate "2021.10.06"]
[SourceVersion "1"]
[SourceVersionDate "2021.10.06"]
[SourceQuality "1"]

1. e4 c5 2. Nf3 e6 3. d4 cxd4 4. Nxd4 a6 5. Nc3 b5 6. Bd3 Bb7 7. 0-0 d6 8. Be3 Nf6 9. a3 Nbd7 10. f4 Be7 11. Qf3 Nc5 12. Rae1 0-0 13. g4 d5 14. e5 Nfe4 15. Nce2 Rc8 16. g5 f6 17. exf6 gxf6 18. b4 e5 19. bxc5 exd4 20. Nxd4 Qd7 21. h4 Bxc5 22. f5 Nd2 23. Qg2 Nxf1 24. gxf6+ Kh8 25. Qg7+ Qxg7+ 26. fxg7+ Kxg7 27. Ne6+ Kf7 28. Bxc5 Nd2 29. Ng5+ Kg8 30. Bxf8 Rxf8 31. Re7 Bc8 32. f6 1/2-1/2

[Event "Vladivostok-ch op"]
[Site "Vladivostok"]
[Date "2007.10.??"]
[Round "2"]
[White "Tsigelnitskiy, Ilusha"]
[Black "Kopaev, Pavel"]
[Result "1/2-1/2"]
[WhiteElo "2372"]
[BlackElo "2092"]
[PlyCount "86"]
[EventDate "2007.10.20"]
[EventType "swiss"]
[EventRounds "9"]
[EventCountry "RUS"]
[SourceTitle "EXT 2022"]
[Source "ChessBase"]
[SourceDate "2021.10.06"]
[SourceVersion "1"]
[SourceVersionDate "2021.10.06"]
[SourceQuality "1"]

1. e4 e5 2. Nf3 Nc6 3. Nc3 Nf6 4. g3 d6 5. Bg2 Bg4 6. h3 Be6 7. d4 exd4 8. Nxd4 Nxd4 9. Qxd4 c6 10. 0-0 Qd7 11. Kh2 Be7 12. f4 Qc7 13. b3 0-0 14. Bb2 Rfd8 15. g4 h6 16. Ne2 d5 17. e5 c5 18. Qd1 Nd7 19. Kh1 Nb6 20. f5 Bd7 21. Nf4 d4 22. f6 gxf6 23. exf6 Bd6 24. Nh5 Bc6 25. Qd2 Bxg2+ 26. Kxg2 Qc6+ 27. Kg1 Bf8 28. Ng7 Bxg7 29. fxg7 Nd5 30. Rf2 Re8 31. c3 dxc3 32. Bxc3 Re3 33. Bb2 Rxh3 34. Rd1 Nc7 35. Rh2 Rg3+ 36. Rg2 Rxg2+ 37. Qxg2 Qxg2+ 38. Kxg2 Ne6 39. Rh1 Kh7 40. Bc1 Kxg7 41. Bxh6+ Kg6 42. Be3 Rd8 43. Kf3 Rc8 1/2-1/2

[Event "Vladivostok-ch op"]
[Site "Vladivostok"]
[Date "2007.10.??"]
[Round "7"]
[White "Tsigelnitskiy, Ilusha"]
[Black "Meshkov, Ivan"]
[Result "1-0"]
[WhiteElo "2372"]
[BlackElo "2262"]
[PlyCount "55"]
[EventDate "2007.10.20"]
[EventType "swiss"]
[EventRounds "9"]
[EventCountry "RUS"]
[SourceTitle "EXT 2022"]
[Source "ChessBase"]
[SourceDate "2021.10.06"]
[SourceVersion "1"]
[SourceVersionDate "2021.10.06"]
[SourceQuality "1"]

1. e4 c5 2. Nf3 d6 3. d4 cxd4 4. Nxd4 Nf6 5. Nc3 g6 6. Be3 Bg7 7. f3 0-0 8. Qd2 Nc6 9. 0-0-0 d5 10. Kb1 e5 11. Nxc6 bxc6 12. exd5 Nxd5 13. Nxd5 cxd5 14. Qxd5 Qc7 15. Qxa8 Bf5 16. Qd5 Bxc2+ 17. Ka1 Bxd1 18. Qxd1 e4 19. Qc1 Qb7 20. Bc4 Rb8 21. Bb3 a5 22. Bf4 Rc8 23. Qd2 a4 24. Bxa4 Ra8 25. Bd1 Qa6 26. Bb3 exf3 27. gxf3 g5 28. Bg3 1-0

[Event "Vladivostok op"]
[Site "Vladivostok"]
[Date "2007.08.??"]
[Round "5"]
[White "Tsigelnitskiy, Ilusha"]
[Black "Gritsenko, Andrey"]
[Result "1/2-1/2"]
[WhiteElo "2371"]
[BlackElo "2292"]
[PlyCount "79"]
[EventDate "2007.08.??"]
[EventType "swiss"]
[EventRounds "9"]
[EventCountry "RUS"]
[SourceTitle "EXT 2009"]
[Source "ChessBase"]
[SourceDate "2008.11.26"]
[SourceVersion "1"]
[SourceVersionDate "2008.11.26"]
[SourceQuality "1"]

1. e4 c5 2. Nf3 d6 3. d4 cxd4 4. Nxd4 Nf6 5. Nc3 a6 6. Be2 e5 7. Nb3 Be7 8. g4 h6 9. Be3 Be6 10. Rg1 Nbd7 11. h4 Nh7 12. Qd2 Bxh4 13. Qxd6 Bg5 14. Bxg5 Nxg5 15. 0-0-0 Rc8 16. f3 Nh3 17. Rge1 Nf4 18. Bf1 h5 19. gxh5 Rxh5 20. Nd5 Bxd5 21. exd5 Qe7 22. Qxe7+ Kxe7 23. Na5 b5 24. a4 bxa4 25. Bxa6 Ra8 26. Nc6+ Kd6 27. Bb7 Rah8 28. Na5 f6 29. Bc6 Nb6 30. Nb7+ Ke7 31. Nc5 Rh3 32. Nxa4 Nxa4 33. Bxa4 Kd6 34. Re3 Rh1 35. Bb3 Rxd1+ 36. Kxd1 Rh1+ 37. Kd2 Rh2+ 38. Kd1 Rh1+ 39. Kd2 Rh2+ 40. Kd1 1/2-1/2

[Event "RUS-ch 1st League 59th"]
[Site "Tomsk"]
[Date "2006.09.07"]
[Round "5"]
[White "Kharitonov, Alexandr"]
[Black "Tsigelnitskiy, Ilusha"]
[Result "1/2-1/2"]
[WhiteElo "2514"]
[BlackElo "2404"]
[PlyCount "38"]
[EventDate "2006.09.03"]
[EventType "swiss"]
[EventRounds "9"]
[EventCountry "RUS"]
[SourceTitle "CBM 114 Extra"]
[Source "ChessBase"]
[SourceDate "2006.11.03"]
[SourceVersion "1"]
[SourceVersionDate "2006.11.03"]
[SourceQuality "1"]

1. d4 Nf6 2. c4 c5 3. d5 b5 4. Nd2 bxc4 5. e4 e6 6. dxe6 dxe6 7. e5 Nd5 8. Nxc4 Be7 9. Nf3 0-0 10. Be2 Nc6 11. 0-0 Qc7 12. Qd3 Ndb4 13. Qe4 Bb7 14. Qg4 Rfd8 15. Bh6 g6 16. a3 Nc2 17. Rad1 N2d4 18. Nxd4 Nxd4 19. Bd3 Ba6 1/2-1/2

[Event "RUS-ch 1st League 59th"]
[Site "Tomsk"]
[Date "2006.09.06"]
[Round "4"]
[White "Tsigelnitskiy, Ilusha"]
[Black "Gubajdullin, Alexey"]
[Result "1-0"]
[WhiteElo "2404"]
[BlackElo "2431"]
[PlyCount "49"]
[EventDate "2006.09.03"]
[EventType "swiss"]
[EventRounds "9"]
[EventCountry "RUS"]
[SourceTitle "CBM 114 Extra"]
[Source "ChessBase"]
[SourceDate "2006.11.03"]
[SourceVersion "1"]
[SourceVersionDate "2006.11.03"]
[SourceQuality "1"]

1. e4 c5 2. Nf3 d6 3. d4 cxd4 4. Nxd4 Nf6 5. Nc3 e6 6. Be2 Be7 7. 0-0 Nc6 8. Be3 0-0 9. f4 Bd7 10. Kh1 Nxd4 11. Qxd4 Bc6 12. a4 Re8 13. Bf3 a6 14. a5 Rc8 15. Qd2 Qc7 16. Bb6 Qb8 17. Qf2 Nd7 18. Bd4 Bf8 19. Bg4 Re7 20. e5 f5 21. exf6 Nxf6 22. Bxf6 gxf6 23. Rfe1 f5 24. Bh5 Rg7 25. Bf3 1-0

[Event "Moscow Aeroflot op-C"]
[Site "Moscow"]
[Date "2006.02.10"]
[Round "4"]
[White "Movsesian, Julia"]
[Black "Tsigelnitskiy, Ilusha"]
[Result "1/2-1/2"]
[WhiteElo "2366"]
[BlackElo "2341"]
[PlyCount "43"]
[EventDate "2006.02.07"]
[EventType "swiss"]
[EventRounds "9"]
[EventCountry "RUS"]
[SourceTitle "EXT 2007"]
[Source "ChessBase"]
[SourceDate "2006.11.23"]
[SourceVersion "1"]
[SourceVersionDate "2006.11.23"]
[SourceQuality "1"]

1. e4 e5 2. Nf3 d5 3. d4 dxe4 4. Nxe5 Bd6 5. Nc4 Nf6 6. Bg5 0-0 7. Nc3 Be7 8. Qd2 c6 9. Ne3 b5 10. Bxf6 Bxf6 11. Nxe4 Qxd4 12. Nxf6+ Qxf6 13. c3 Rd8 14. Qc2 Na6 15. Be2 Nc7 16. 0-0 Be6 17. Bf3 Nd5 18. Nxd5 Bxd5 19. Bxd5 Rxd5 20. a4 a6 21. axb5 cxb5 22. Qe4 1/2-1/2